| 000 | 01363nam a2200349 a 4500 | ||
|---|---|---|---|
| 001 | ebr10080964 | ||
| 003 | CaPaEBR | ||
| 006 | m u | ||
| 007 | cr cn||||||||| | ||
| 008 | 030318s2003 enk sb 001 0 eng | ||
| 010 | _z 2003103979 | ||
| 015 | _aGBA3-V4138 | ||
| 020 | _z0761961593 | ||
| 020 | _z0761961607 (pbk.) | ||
| 040 |
_aCaPaEBR _cCaPaEBR |
||
| 035 | _a(OCoLC)70774262 | ||
| 050 | 1 | 4 |
_aHV7419 _b.H83 2003eb |
| 082 | 0 | 4 |
_a364.6 _221 |
| 100 | 1 |
_aHudson, Barbara, _d1945- |
|
| 245 | 1 | 0 |
_aJustice in the risk society _h[electronic resource] : _bchallenging and re-affirming justice in late modernity / _cBarbara Hudson. |
| 246 | 3 | 0 | _aChallenging and re-affirming justice in late modernity |
| 260 |
_aLondon ; _aThousand Oaks, Calif. : _bSAGE, _c2003. |
||
| 300 | _axvii, 258 p. | ||
| 504 | _aIncludes bibliographical references (p. [227]-244) and index. | ||
| 533 |
_aElectronic reproduction. _bPalo Alto, Calif. : _cebrary, _d2013. _nAvailable via World Wide Web. _nAccess may be limited to ebrary affiliated libraries. |
||
| 650 | 0 | _aCriminal justice, Administration of. | |
| 650 | 0 | _aJustice. | |
| 650 | 0 | _aRisk perception. | |
| 655 | 7 |
_aElectronic books. _2local |
|
| 710 | 2 | _aebrary, Inc. | |
| 856 | 4 | 0 |
_uhttp://site.ebrary.com/lib/rucke/Doc?id=10080964 _zAn electronic book accessible through the World Wide Web; click to view |
| 999 |
_c55565 _d55565 |
||